00346nam a22001097a 4500003000400000245006200004260002800066300000800094942001200102952010500114999001700219SGT aJournal of Indian Association of Public Health Dentistry  bWolters Publisherc2021 a323 2ddccBV 00102ddc405171aFDbFDd2025-03-21hVol.19iSGTUl0pPD1316r2025-03-21 00:00:00w2025-03-21yBV c30370d30370